Francisco de Goya (Record no. 4710)

MARC details
000 -CABECERA
campo de control de longitud fija 00818nam a2200253 a 4500
001 - NÚMERO DE CONTROL
campo de control BRCA_5016
005 - FECHA Y HORA DE LA ÚLTIMA TRANSACCIÓN
campo de control 20190320204914.0
008 - DATOS DE LONGITUD FIJA--INFORMACIÓN GENERAL
campo de control de longitud fija 291010s1907----au-a######---#000-0#ger-#
041 ## - CÓDIGO DE LENGUA
Código de lengua del texto/banda sonora o título independiente ger
044 ## - CÓDIGO DEL PAÍS DE LA ENTIDAD EDITORA/PRODUCTORA
Código MARC del país au
050 #4 - SIGNATURA TOPOGRÁFICA DE LA BIBLIOTECA DEL CONGRESO
Número de clasificación NE702.G6
Número de documento/Ítem .H64 1907
100 1# - ENTRADA PRINCIPAL--NOMBRE DE PERSONA
Nombre de persona Hofmann, Julius
9 (RLIN) 12795
245 10 - MENCIÓN DE TÍTULO
Título Francisco de Goya
Resto del título Katalog Seines Graphischen Werkes
Mención de responsabilidad, etc. von Julius Hofmann.
260 ## - PUBLICACIÓN, DISTRIBUCIÓN, ETC.
Lugar de publicación, distribución, etc. Viena, Austria
Nombre del editor, distribuidor, etc. Gesellschaft für Vervielfältigende Kunst
Fecha de publicación, distribución, etc. 1907
300 ## - DESCRIPCIÓN FÍSICA
Extensión 184 p.
Otras características físicas il., 18 láminas
Dimensiones 30 cm.
500 ## - NOTA GENERAL
Nota general Incluye erratas y litografía
500 ## - NOTA GENERAL
Nota general Estado físico: Encuadernación deteriorada
500 ## - NOTA GENERAL
Nota general D115
600 14 - PUNTO DE ACCESO ADICIONAL DE MATERIA--NOMBRE DE PERSONA
Nombre de persona Goya y Lucientes, Francisco José de
Fechas asociadas al nombre 1746-1828
9 (RLIN) 11075
650 14 - PUNTO DE ACCESO ADICIONAL DE MATERIA--TÉRMINO DE MATERIA
Término de materia o nombre geográfico como elemento de entrada Grabadores españoles
9 (RLIN) 7740
650 14 - PUNTO DE ACCESO ADICIONAL DE MATERIA--TÉRMINO DE MATERIA
Término de materia o nombre geográfico como elemento de entrada Pintores españoles
9 (RLIN) 7620
902 ## - CATALOGADOR
Iniciales GFM
942 ## - ELEMENTOS DE PUNTO DE ACCESO ADICIONAL (KOHA)
Fuente del sistema de clasificación o colocación Library of Congress Classification
Tipo de ítem Koha Libros
Holdings
Estado de retiro Estado de pérdida Estado dañado No para préstamo Localización permanente Ubicación/localización actual Fecha de adquisición Número de inventario Total de préstamos Signatura topográfica completa Código de barras Fecha visto por última vez Precio válido a partir de Tipo de ítem Koha
El ejemplar forma parte de la colección y puede ser consultado según las políticas vigentes.       Biblioteca del Museo Franz Mayer (Rogerio Casas-Alatriste) Biblioteca del Museo Franz Mayer (Rogerio Casas-Alatriste) 29/10/2010 D115   NE702.G6 .H64 1907 (D115) 5104 22/03/2019 22/03/2019 Libros